Music Quiz

Random Music or Kpop Quiz

KPOP QUIZ: SMTOWN Artists Stats

 Plays Quiz not verified by Sporcle

Also try: 'Now' Song Titles
Challenge
Share
Tweet
Embed
Score 0/100 Timer 20:00
0 Plays Today
HINT ANSWER % Correct
Debut Song - MAMAEXO
96.2%
Debut Song - HappinessRed Velvet
91.9%
Debut Song - Into The New WorldGirls' Generation
90.7%
(YES/NO) CEO: Lee Soo ManNo
90.6%
(FAN CLUB NAME) EXOEXO-L
90.3%
Debut Song - Chewing GumNCT Dream
90.1%
(YES/NO) Founded by Kim Young MinNo
89.7%
(YES/NO) Founded: 1990No
89.5%
Debut Song - ITaeyeon
89.2%
Debut Song - Fire TruckNCT 127
89.1%
Debut Song - ReplaySHINee
88.7%
Debut Song - Shake That BrassAmber
88.3%
Debut Song - The 7th Sense & Without YouNCT U
88%
Debut Song - LA chA TAf(x)
86.8%
Left Girls' GenerationJessica
81.9%
(FAN CLUB NAME) SHINee SHAWol
81.6%
(FAN CLUB NAME) NCTNCTzen
80.6%
(FAN CLUB NAME) Super JuniorE.L.F (Ever Lasting Friends)
79.6%
Left f(x)Sulli
79.4%
Debut Song - TrapHenry
77.9%
(FAN CLUB NAME) Girls' GenerationSONE
77.7%
Debut Song - DangerTaemin
76.9%
Debut Song - Lil' TouchGirls' Generation-Oh!GG
75.7%
(FAN CLUB NAME) Red VelvetReVeluv
75.7%
2nd Chinese to Leave the CompanyKris
75.1%
3rd Chinese to Leave the CompanyLuhan
74.8%
4th Chinese to Leave the CompanyTao
74.7%
Debut Song - TWINS (Knock Out)Super Junior
73.6%
Debut Song - Free SomebodyLuna
71.7%
Debut Song - Little PrinceRyeowook
70.3%
Debut Song - HugTVXQ
67.8%
Debut Song - TwinkleTaeTiSeo
67%
(STATION) 'We Young' with ChanyeolSehun
65%
Debut Song - At GwanghwamunKyuhyun
64.5%
HINT ANSWER % Correct
The Queen of Korean PopBoA
64.3%
(STATION) 'Wow Thing' with Chungha, Soyeon, SinB for 'SM STATION 0'Seulgi
63.1%
(By Age) Girls' Generation Member Who Left the CompanyTiffany
62.1%
(STATION) 'Written in the Stars' with John LegendWendy
61.2%
(By Age) Girls' Generation Member Who Left the CompanySooyoung
61.2%
(HOMETOWN) Osaka, JapanYuta
61.2%
1st Super Junior Member to Get MarriedSungmin
59.9%
Debut Song - RewindZhoumi
59.2%
(APPEARED IN) DRAMA: Hwarang: The Poet Warrior YouthMinho
58.3%
(FAN CLUB NAME) f(x)MeU
58.3%
(By Age) Girls' Generation Member Who Left the CompanySeohyun
57.3%
(FEATURED IN) Red Velvet's 'Be Natural'Taeyong
57.3%
(APPEARED IN) DRAMA: Descendants of the SunOnew
56.9%
Debut Song - CrazyJonghyun
53.6%
Debut Song - Forever Yours ft. SoyouKey
50.5%
Debut Song - Here I AmYesung
50.2%
Debut Song - WannaBeHyoyeon
49.9%
(STATION) 'Young' with LocoBaekhyun
49.5%
Left TVXQ (Group Name)JYJ
48%
1st Chinese to Leave the CompanyHangeng
47.4%
Debut Song - Into YouYuri
46.6%
(STATION) 'Young & Free' with XiuminMark
45.6%
(NICKNAME) NaNaJaemin
44.7%
(FAN CLUB NAME) TVXQCassiopeia
44.7%
(WE GOT MARRIED) With 2PM's NichkhunVictoria
43.7%
Debut Song - What U Need?Lay
41.9%
(FEATURED IN) Jimin's 'Call You Bae'Xiumin
40.8%
(STARRED) Drama: AndanteKai
40.8%
Former Member of H.O.TKangta
40.6%
(STATION) Dream In A DreamTen
38.8%
(HOMETOWN) Shanghai, People’s Republic of ChinaChenle
38.8%
Hiatus from Super JuniorKibum
38.6%
2nd SM CoupleKaiStal
38%
(HOMETOWN) Wenzhou, Zhejiang, People’s Republic of ChinaWinWin
37.9%
HINT ANSWER % Correct
1st SM CoupleBaekYeon
36.7%
(STATION) 'Tell Me (What Is Love)' with Yoo YoungjinD.O.
35%
(APPEARED IN) SHOW: Dancing HighJisung
35%
(HOMETOWN) Fujian, ChinaKun
35%
(WE GOT MARRIED) With Actress Kang SoraLeeteuk
35%
(STATION) 'Sweet Dream' with Min KyunghoonHeechul
34%
(OST) Best LuckChen
33%
(APPEARED IN) MV: Girls's Generation - HootSiwon
33%
(APPEARED IN) DRAMA: A-Teen with JaeminJeno
31.1%
(HOMETOWN) Jilin, People’s Republic of ChinaRenjun
29.1%
(STATION) 'Star Blossom' with SejeongDoyoung
28.2%
(FEATURED IN) Taeyeon's 'All Night Long'Lucas
26.2%
(NICKNAME) DongsookieHaechan
26.2%
(APPEARED IN) MV: Yesung - Paper UmbrellaJungwoo
25.2%
(APPEARED IN) MV: Henry - 143Irene
24.3%
(STATION) 'Deoksugung Stonewall Walkway' with 10cmYoona
23.3%
(STARRED) Drama: Ms Panda and Mr HedgehogDonghae
23.3%
(STATION) 'U&I' with HenrySunny
22.3%
(STATION) 'Curtain' with Song YoungjooSuho
21.4%
(OST) Stay With Me with PunchChanyeol
19.2%
(STATION) 'Try Again' with d.ear Jaehyun
17.5%
(STATION) 'Charm of Life' with Heechul, Shindong, SolarEunhyuk
16.5%
(STATION) 'Marry Man' with UVShindong
16.5%
(OST) Because of YouTaeil
15.5%
(STARRED) Drama: Prison PlaybookKrystal
14.6%
(WE GOT MARRIED) With Lee YoonjiKangin
13.6%
Debut Song - HooJ-Min
12.4%
(STATION) 'Always in My Heart' with SeulongJoy
10.7%
(STATION) DropYunho
10.7%
(STATION) In A Different LifeChangmin
9.7%
(APPEARED IN) MV: J-Min & Shim Eunji - Way Back HomeYeri
8.7%
(STATION) 'Nightmare' with Yoon Dohyun, Reddy, G2, InlayerJohnny
6.8%

You're not logged in!

Compare scores with friends on all Sporcle quizzes.
OR
Log In

You Might Also Like...

Show Comments

Extras

Top Quizzes Today


Score Distribution

Your Account Isn't Verified!

In order to create a playlist on Sporcle, you need to verify the email address you used during registration. Go to your Sporcle Settings to finish the process.

Report this User

Report this user for behavior that violates our Community Guidelines.

Details: